[Event "Stay Safe Play From Home 232"]
[Site "Emanuel Lasker Arena"]
[Date "2020.06.17"]
[Round "7"]
[White "Mepe_Nika"]
[Black "Lamborghini"]
[Result "1-0"]
[WhiteElo "2323"]
[BlackElo "2255"]
[Annotator "TA"]
[PlyCount "73"]
[EventDate "2020.06.17"]
[EventType "swiss (blitz)"]

{[%evp 9,72,56,72,56,60,62,85,74,100,66,72,51,52,48,49,0,0,-4,29,20,162,51,196,190,223,179,185,70,191,0,6,-14,438,413,607,606,595,444,576,393,675,669,902,737,740,717,802,789,1012,750,714,664,957,964,1809,1696,1580,1547,1754,1191,29995,29996,29996,29997,29999]} 1. d4 g6 2. Bf4 Bg7 3. e3 c6 4. Nf3 {[#]} h5 $146 ({Predecessor:} 4... d6 5. Be2 Nd7 6. h3 e5 7. Bh2 Qe7 8. O-O Ngf6 9. c4 O-O 10. Nc3 Re8 11. Qc2 a6 12. Rfd1 h5 13. Rac1 e4 14. Nd2 Nf8 15. b4 Bf5 16. b5 g5 17. bxc6 bxc6 18. Qa4 Rec8 {1-0 (33) Le,T (2501)-Galaktionov,A (2319) chess.com INT 2020}) 5. h3 d6 6. c4 {A40: Unusual replies to 1 d4.} Nh6 7. Nc3 O-O 8. Bd3 {White is better.} Nd7 9. O-O Qe8 10. Qc2 e5 11. Bh2 f5 12. dxe5 (12. Be2 $14) 12... dxe5 $11 13. Be2 $36 {[%mdl 2048] White is more active.} Rf7 14. Rad1 Kh7 (14... Re7 $11) 15. b4 (15. Ng5+ $18 Kg8 16. Nxf7 Nxf7 17. f3) 15... b6 (15... Qe7 $14) 16. b5 cxb5 17. cxb5 Bb7 18. Nd5 (18. Ng5+ $18 Kh8 19. Nxf7+ Nxf7 20. Nd5 Bxd5 21. Rxd5) 18... Rc8 ({Better is} 18... Bxd5 $1 $14 19. Rxd5 Re7) 19. Qb3 $2 (19. Ng5+ $18 Kh8 20. Nxf7+ Nxf7 21. Qa4) 19... Nc5 20. Qa3 {Ng5+ is the strong threat.} e4 $2 {[%mdl 8192] White now steadily converts the win.} (20... Ne4 $11 {and Black has nothing to worry.}) 21. Ng5+ $18 {[%mdl 64] [#] Double Attack} Kg8 (21... Kh8 $142 22. Nxf7+ Qxf7) 22. Nxf7 Nxf7 23. Bc4 Kh7 24. Nc7 Rxc7 $2 (24... Qe7 25. Ne6 (25. Qxa7 Rxc7 26. Bxc7 Qxc7 $18) 25... Be5 26. Nxc5 (26. Qxa7 Ra8 $11) 26... Bxh2+ 27. Kxh2 bxc5) 25. Bxc7 Nd3 26. Bxd3 exd3 27. Rxd3 Qe4 28. f3 Qe6 29. Bf4 g5 30. Bh2 h4 31. Rfd1 Ne5 32. Bxe5 Qxe5 33. Qd6 Qxb5 34. Qd7 Qa6 35. Qxf5+ {[%mdl 64] [#] Double Attack. White mates.} Kh6 36. Rd6+ Kh5 37. Qg4# {Accuracy: White = 46%, Black = 22%.} 1-0

[Event "Stay Safe Play From Home 232"]
[Site "Emanuel Lasker Arena"]
[Date "2020.06.17"]
[Round "7"]
[White "SoulofWolf"]
[Black "Bardellosport"]
[Result "0-1"]
[WhiteElo "2168"]
[BlackElo "2087"]
[Annotator "TA"]
[PlyCount "106"]
[EventDate "2020.06.17"]
[EventType "swiss (blitz)"]

{[%evp 9,106,2,8,2,8,1,8,-17,-18,-18,33,-14,27,10,19,19,35,-51,-54,-41,-46,-319,-71,-70,75,28,45,0,209,213,366,369,348,55,68,33,70,66,65,-52,37,-35,61,-34,-20,-50,-21,-33,-33,-55,-34,-35,-13,-73,-44,-62,0,0,0,-33,0,-99,-33,-529,0,0,0,0,0,0,0,-55,-73,-156,0,-422,-429,-335,0,-1364,264,279,272,179,172,-29985,-29986,-29986,-29987,-29998,-29999,-29999,-29998,-29998,-29999,-29999,0,-29997,-29998]} 1. c4 d6 2. Nf3 g6 3. b3 Bg7 4. Nc3 Nc6 5. Bb2 e5 6. e3 {A10: English Opening: Unusual Replies for Black.} Nge7 7. d3 O-O {[#]} 8. a3 $146 {The position is equal.} ({Predecessor:} 8. Be2 h6 9. O-O f5 10. Nd2 Be6 11. a3 a5 12. Nb5 Qd7 13. f4 exf4 14. Bxg7 Kxg7 15. exf4 {½-½ (34) Van Vleuten,R (1726)-Hilarius,S (1888) Leiden 2018}) 8... f5 9. Be2 Be6 (9... a6 $11) 10. Qd2 Qd7 11. h4 f4 12. h5 Nf5 13. e4 (13. hxg6 $14 hxg6 14. Ne4 (14. exf4 Nfd4 $11)) 13... Nfd4 $15 14. Nxd4 Nxd4 15. Nd5 $2 {[%mdl 8192]} (15. Bd1 $15) 15... Bxd5 $2 (15... Nxb3 $19 {has better winning chances.} 16. Qb4 Nxa1 17. Bxa1 c6) 16. Bxd4 $17 exd4 (16... Bxe4 $1 $15 17. dxe4 exd4 18. hxg6 hxg6) 17. cxd5 c6 18. Qd1 c5 $2 (18... cxd5 $11 19. hxg6 hxg6) 19. Bg4 $18 Qe7 $2 (19... Qe8 {was worth a try.} 20. Be6+ Kh8 21. hxg6 Qxg6) 20. Be6+ Kh8 21. Qg4 $2 (21. hxg6 $18 {[%csl Gg6][%cal Rh1h7]} h6 22. Qg4) 21... g5 $14 22. Rb1 h6 23. b4 b6 24. Ke2 (24. O-O $14) 24... Rab8 (24... c4 $15) 25. Rb2 {[#]} (25. Rhc1 $14) 25... Qf6 (25... c4 $1 $15 {[%mdl 512]}) 26. f3 {[#]} (26. Rc1 $14) 26... c4 $1 {[%mdl 512]} 27. Rhb1 (27. dxc4 d3+) 27... c3 28. Rc2 b5 29. Ra1 Ra8 30. Rca2 a5 31. bxa5 (31. Bd7 $11 {remains equal.}) 31... Rxa5 {Threatens to win with ...Qe7.} 32. Bd7 Rfa8 (32... Rb8 $15) 33. Bc6 $11 R8a7 34. Qc8+ Kh7 35. Qb8 {[#]} (35. a4 $11) 35... Qf8 ({Black should try} 35... g4 $1 $17 {[%mdl 512]} 36. Be8 (36. fxg4 f3+) 36... Qf8 37. Bg6+ Kh8 38. Qxf8+ Bxf8) 36. Be8 $2 {[%mdl 8192]} (36. Qxf8 $15 Bxf8 37. a4) 36... b4 $2 ({Black should play} 36... Kh8 $19 37. Kf2 Be5) 37. Bg6+ Kg8 38. Qxb4 g4 39. Rb1 Ra8 40. Qb7 ({Don't play} 40. fxg4 {[#]} f3+ $1 {[%mdl 512]} 41. Kf1 Qf4 $19) (40. Bf5 $11) 40... R5a7 $15 41. Qc6 ({Better is} 41. Qb3) 41... Ra6 $2 ({Inferior is} 41... Rxa3 42. Rxa3 Rxa3 43. Qc7 $11) (41... Qe7 $17 {Strongly threatening ...Qh4.} 42. fxg4 Rf8) 42. Rb6 $2 {[%mdl 8192]} (42. Qd7 $11 {and White stays safe.}) 42... Rxb6 $19 43. Qxb6 Rb8 $2 (43... Qf6 $19 44. Qb7 (44. fxg4 $2 f3+ 45. gxf3 Qf4 $19) 44... Rf8) 44. Qc6 $2 {[%mdl 8192]} (44. Qa7 $11) 44... Rb2+ $4 {[%mdl 8192]} (44... Qe7 $19 {and life is good for Black. And now ...Qh4 would win.} 45. Bf7+ Kxf7) 45. Rxb2 $18 cxb2 46. Qb5 Qc8 {Hoping for ...Qc2+.} 47. Qb3 $4 {[%mdl 8192]} (47. Qxb2 $18 g3 48. a4) 47... Qc3 48. Qb8+ Bf8 49. Qe8 Qc2+ 50. Kf1 Qc1+ 51. Kf2 Qe3+ {[%mdl 64] Double Attack} 52. Kf1 Qc1+ 53. Kf2 {aiming for Qf7+.} g3+ {Accuracy: White = 36%, Black = 53%.} 0-1

[Event "Stay Safe Play From Home 232"]
[Site "Emanuel Lasker Arena"]
[Date "2020.06.17"]
[Round "7"]
[White "Don59as"]
[Black "Position"]
[Result "1-0"]
[WhiteElo "2093"]
[BlackElo "1981"]
[Annotator "NA RC"]
[PlyCount "105"]
[EventDate "2020.06.17"]
[EventType "swiss (blitz)"]

1. c4 {[%emt 0:00:01]} d6 {[%emt 0:00:01]} 2. Nc3 {[%emt 0:00:01]} c5 {[%emt 0:00:00]} 3. g3 {[%emt 0:00:01]} Nc6 {[%emt 0:00:01]} 4. Bg2 {[%emt 0:00:00]} e6 {[%emt 0:00:00]} 5. e3 {[%emt 0:00:00]} Nf6 {[%emt 0:00:01]} 6. Nge2 {[%emt 0:00:01]} Be7 {[%emt 0:00:01]} 7. O-O {[%emt 0:00:02]} O-O {[%emt 0:00:00]} 8. d4 {[%emt 0:00:00]} Bd7 {[%emt 0:00:02]} 9. b3 {[%emt 0:00:01]} Rc8 {[%emt 0:00:01]} 10. Bb2 {[%emt 0:00:01]} a6 {[%emt 0:00:00]} 11. Rc1 {[%emt 0:00:01]} Qa5 {[%emt 0:00:01]} 12. Qd2 {[%emt 0:00:01]} Rfd8 {[%emt 0:00:01]} 13. Rfd1 {[%emt 0:00:01]} Bf8 {[%emt 0:00:02]} 14. d5 {[%emt 0:00:01]} Ne5 {[%emt 0:00:02]} 15. f4 {[%emt 0:00:03]} Ng6 {[%emt 0:00:01]} 16. h3 {[%emt 0:00:00]} Ne7 {[%emt 0:00:02]} 17. e4 {[%emt 0:00:02]} exd5 {[%emt 0:00:02]} 18. Nxd5 {[%emt 0:00:01]} Qxd2 {[%emt 0:00:02]} 19. Nxf6+ {[%emt 0:00:01]} gxf6 {[%emt 0:00:01]} 20. Rxd2 {[%emt 0:00:00]} Bg7 {[%emt 0:00:03]} 21. f5 {[%emt 0:00:02]} Bc6 {[%emt 0:00:02]} 22. Nf4 {[%emt 0:00:01]} Rc7 {[%emt 0:00:04]} 23. Nh5 {[%emt 0:00:02]} Rcd7 {[%emt 0:00:03]} 24. Bxf6 {[%emt 0:00:01]} Bxf6 {[%emt 0:00:03]} 25. Nxf6+ {[%emt 0:00:01]} Kg7 {[%emt 0:00:00]} 26. Nxd7 {[%emt 0:00:00]} Rxd7 {[%emt 0:00:01]} 27. Rcd1 {[%emt 0:00:01]} Nc8 {[%emt 0:00:01]} 28. g4 {[%emt 0:00:01]} f6 {[%emt 0:00:01]} 29. e5 {[%emt 0:00:02]} fxe5 {[%emt 0:00:01]} 30. Bxc6 {[%emt 0:00:01]} bxc6 {[%emt 0:00:00]} 31. Kf2 {[%emt 0:00:01]} h6 {[%emt 0:00:00]} 32. h4 {[%emt 0:00:01]} Kf6 {[%emt 0:00:00]} 33. Kg3 {[%emt 0:00:01]} Rg7 {[%emt 0:00:01]} 34. Kh3 {[%emt 0:00:01]} h5 {[%emt 0:00:01]} 35. Rxd6+ {[%emt 0:00:01]} Nxd6 {[%emt 0:00:02]} 36. Rxd6+ {[%emt 0:00:00]} Kf7 {[%emt 0:00:01]} 37. g5 {[%emt 0:00:01]} Rg8 {[%emt 0:00:02]} 38. Rxc6 {[%emt 0:00:01]} Rd8 {[%emt 0:00:01]} 39. Rxc5 {[%emt 0:00:01]} Rd3+ {[%emt 0:00:00]} 40. Kg2 {[%emt 0:00:01]} e4 {[%emt 0:00:00]} 41. Re5 {[%emt 0:00:02]} Rd2+ {[%emt 0:00:00]} 42. Kg3 {[%emt 0:00:01]} Rxa2 {[%emt 0:00:00]} 43. Rxe4 {[%emt 0:00:01]} Rb2 {[%emt 0:00:00]} 44. Re3 {[%emt 0:00:00]} Ra2 {[%emt 0:00:01]} 45. Kf4 {[%emt 0:00:01]} a5 {[%emt 0:00:00]} 46. g6+ {[%emt 0:00:00]} Kf6 {[%emt 0:00:01]} 47. Re6+ {[%emt 0:00:01]} Kg7 {[%emt 0:00:00]} 48. Ra6 {[%emt 0:00:01]} Ra3 {[%emt 0:00:00]} 49. Kg5 {[%emt 0:00:01]} Kf8 {[%emt 0:00:01]} 50. Ra7 {[%emt 0:00:00]} Ra2 {[%emt 0:00:01]} 51. Kf6 {[%emt 0:00:01]} Ke8 {[%emt 0:00:00]} 52. g7 {[%emt 0:00:01]} a4 {[%emt 0:00:00]} 53. g8=Q# {[%emt 0:00:02] (Lag: Av=0.74s, max=1.1s)} 1-0

[Event "Stay Safe Play From Home 232"]
[Site "Emanuel Lasker Arena"]
[Date "2020.06.17"]
[Round "7"]
[White "Lazieri3"]
[Black "Haxhi Baha"]
[Result "1-0"]
[WhiteElo "2083"]
[BlackElo "2017"]
[Annotator "TA"]
[PlyCount "73"]
[EventDate "2020.06.17"]
[EventType "swiss (blitz)"]

{[%evp 9,73,5,13,-10,-6,-14,-4,-19,-21,-18,22,0,0,0,14,14,120,0,0,-22,9,8,29,11,6,6,77,61,68,66,244,251,250,249,247,252,268,254,351,344,321,322,372,371,320,168,518,482,697,694,779,725,692,691,939,795,781,723,29987,29987,29987,29988,29989,29989,29988,29979]} 1. e4 e6 2. Nc3 d5 3. exd5 exd5 4. d4 c6 5. Nf3 Nf6 6. Bf4 {C01: French: Exchange Variation.} (6. Bd3 {is interesting.} Bd6 7. Qe2+ Be6 8. Ng5 Qe7 9. O-O) 6... Bd6 7. Bxd6 Qxd6 8. a3 {[#] The position is equal.} O-O $146 ({Predecessor:} 8... Be6 9. Bd3 Nbd7 10. Qd2 h6 11. h3 O-O-O 12. O-O-O Rde8 13. Rhe1 Re7 14. Ne5 c5 15. dxc5 Nxc5 {1-0 (48) Toplak,J-Maduna,D Osijek 2012}) 9. Be2 c5 10. O-O c4 11. Ne5 a6 12. Bf3 {Threatens to win with Nxd5!} Nc6 {[#]} (12... Be6 $11) 13. Nxc6 (13. Nxd5 $1 $16 Nxe5 14. dxe5 Qxe5 15. Nb6) 13... bxc6 $11 14. b4 cxb3 15. cxb3 Rb8 16. b4 a5 17. bxa5 Bf5 (17... Qc7 $11 {keeps the balance.}) 18. Na4 {[%cal Bc3a4,Ba4c5,Bc5b7][%mdl 32]} Ra8 19. Nc5 Rxa5 $2 {[#] Loses the game.} (19... Rfb8 $14) 20. Nb7 $1 $18 {[%csl LRa5,LRd6][%cal Rb7d6][%mdl 64] Double Attack} Qc7 21. Nxa5 Qxa5 22. Qc1 Rc8 23. h3 c5 24. dxc5 Rxc5 25. Qf4 Be6 26. Rfc1 Rxc1+ 27. Rxc1 (27. Qxc1 $142 h6 28. Qb1) 27... h6 $2 (27... Qxa3 {is more resistant.} 28. Qb8+ Qf8) 28. Qb4 Qd8 (28... Qxb4 $142 29. axb4 Kf8) 29. a4 d4 30. Rd1 d3 31. a5 {Black must now prevent a6.} Nd5 32. Bxd5 Qxd5 33. a6 g6 34. a7 {White mates.} Kg7 35. Qb8 Qb3 36. Qxb3 Bxb3 37. a8=Q {Accuracy: White = 87%, Black = 43%.} 1-0

[Event "Stay Safe Play From Home 232"]
[Site "Emanuel Lasker Arena"]
[Date "2020.06.17"]
[Round "7"]
[White "Das opfer"]
[Black "Emresenar"]
[Result "0-1"]
[WhiteElo "1626"]
[BlackElo "1813"]
[Annotator "NA RC"]
[PlyCount "90"]
[EventDate "2020.06.17"]
[EventType "swiss (blitz)"]

1. e4 {[%emt 0:00:01]} e5 {[%emt 0:00:01]} 2. d4 {[%emt 0:00:01]} exd4 {[%emt 0:00:02]} 3. Nf3 {[%emt 0:00:01]} c5 {[%emt 0:00:01]} 4. Bc4 {[%emt 0:00:01]} Nc6 {[%emt 0:00:01]} 5. c3 {[%emt 0:00:01]} dxc3 {[%emt 0:00:01]} 6. O-O {[%emt 0:00:01]} cxb2 {[%emt 0:00:01]} 7. Bxb2 {[%emt 0:00:01]} f6 {[%emt 0:00:03]} 8. Re1 {[%emt 0:00:01]} d6 {[%emt 0:00:02]} 9. Nc3 {[%emt 0:00:01]} Bg4 {[%emt 0:00:01]} 10. Rb1 {[%emt 0:00:01]} Nd4 {[%emt 0:00:03]} 11. Nd5 {[%emt 0:00:02]} Nxf3+ {[%emt 0:00:04]} 12. gxf3 {[%emt 0:00:01]} Be6 {[%emt 0:00:01]} 13. Kh1 {[%emt 0:00:01]} Ne7 {[%emt 0:00:06]} 14. Rg1 {[%emt 0:00:01]} Bxd5 {[%emt 0:00:02]} 15. exd5 {[%emt 0:00:01]} Ng6 {[%emt 0:00:02]} 16. Qe2+ {[%emt 0:00:02]} Be7 {[%emt 0:00:01]} 17. Rbe1 {[%emt 0:00:04]} O-O {[%emt 0:00:02]} 18. h4 {[%emt 0:00:02]} Re8 {[%emt 0:00:05]} 19. h5 {[%emt 0:00:02]} Ne5 {[%emt 0:00:01]} 20. f4 {[%emt 0:00:03]} Nxc4 {[%emt 0:00:01]} 21. Qxc4 {[%emt 0:00:01]} Qd7 {[%emt 0:00:03]} 22. Qd3 {[%emt 0:00:03]} Bf8 {[%emt 0:00:04]} 23. Qg3 {[%emt 0:00:01]} Rxe1 {[%emt 0:00:02]} 24. Rxe1 {[%emt 0:00:02]} Qf7 {[%emt 0:00:02]} 25. h6 {[%emt 0:00:01]} Qh5+ {[%emt 0:00:01]} 26. Kg2 {[%emt 0:00:02]} Qxh6 {[%emt 0:00:01]} 27. Re6 {[%emt 0:00:02]} Qg6 {[%emt 0:00:01]} 28. Qxg6 {[%emt 0:00:03]} hxg6 {[%emt 0:00:00]} 29. Kf3 {[%emt 0:00:01]} Kf7 {[%emt 0:00:01]} 30. Bc3 {[%emt 0:00:01]} Re8 {[%emt 0:00:01]} 31. Rxe8 {[%emt 0:00:02]} Kxe8 {[%emt 0:00:01]} 32. Ke4 {[%emt 0:00:01]} Kd7 {[%emt 0:00:01]} 33. f5 {[%emt 0:00:00]} g5 {[%emt 0:00:01]} 34. f4 {[%emt 0:00:01]} a6 {[%emt 0:00:00]} 35. fxg5 {[%emt 0:00:01]} fxg5 {[%emt 0:00:00]} 36. Kf3 {[%emt 0:00:02]} Be7 {[%emt 0:00:02]} 37. Kg4 {[%emt 0:00:01]} Bf6 {[%emt 0:00:00]} 38. Bxf6 {[%emt 0:00:02]} gxf6 {[%emt 0:00:00]} 39. Kh5 {[%emt 0:00:00]} b5 {[%emt 0:00:00]} 40. Kg6 {[%emt 0:00:01]} g4 {[%emt 0:00:00]} 41. Kxf6 {[%emt 0:00:01]} g3 {[%emt 0:00:00]} 42. Kg7 {[%emt 0:00:01]} g2 {[%emt 0:00:00]} 43. f6 {[%emt 0:00:01]} g1=Q+ {[%emt 0:00:00]} 44. Kf8 {[%emt 0:00:01]} Qf2 {[%emt 0:00:00]} 45. f7 {[%emt 0:00:01]} Qe3 {[%emt 0:00:00] Zeit (Lag: Av=0.58s, max=0.7s)} 0-1

[Event "Stay Safe Play From Home 232"]
[Site "Emanuel Lasker Arena"]
[Date "2020.06.17"]
[Round "7"]
[White "Shyamph1980"]
[Black "Tartak"]
[Result "0-1"]
[WhiteElo "1484"]
[BlackElo "1772"]
[Annotator "NA RC"]
[PlyCount "64"]
[EventDate "2020.06.17"]
[EventType "swiss (blitz)"]

1. e4 {[%emt 0:00:01]} e6 {[%emt 0:00:01]} 2. Nf3 {[%emt 0:00:01]} d5 {[%emt 0:00:01]} 3. exd5 {[%emt 0:00:01]} exd5 {[%emt 0:00:01]} 4. d4 {[%emt 0:00:00]} Nc6 {[%emt 0:00:00]} 5. Bd3 {[%emt 0:00:01]} Bd6 {[%emt 0:00:00]} 6. c3 {[%emt 0:00:01]} Be6 {[%emt 0:00:01]} 7. O-O {[%emt 0:00:02]} Nf6 {[%emt 0:00:01]} 8. Re1 {[%emt 0:00:01]} Qd7 {[%emt 0:00:01]} 9. Bg5 {[%emt 0:00:01]} O-O-O {[%emt 0:00:01]} 10. Nbd2 {[%emt 0:00:04]} Rde8 {[%emt 0:00:01]} 11. Nb3 {[%emt 0:00:02]} h6 {[%emt 0:00:04]} 12. Be3 {[%emt 0:00:02]} g5 {[%emt 0:00:02]} 13. Nc5 {[%emt 0:00:01]} Bxc5 {[%emt 0:00:01]} 14. dxc5 {[%emt 0:00:01]} Rhg8 {[%emt 0:00:04]} 15. Nd4 {[%emt 0:00:01]} h5 {[%emt 0:00:03]} 16. Nxc6 {[%emt 0:00:02]} Qxc6 {[%emt 0:00:01]} 17. b4 {[%emt 0:00:00]} Ne4 {[%emt 0:00:03]} 18. b5 {[%emt 0:00:02]} Qd7 {[%emt 0:00:02]} 19. Bxe4 {[%emt 0:00:01]} dxe4 {[%emt 0:00:01]} 20. Qxd7+ {[%emt 0:00:01]} Bxd7 {[%emt 0:00:01]} 21. c6 {[%emt 0:00:01]} bxc6 {[%emt 0:00:02]} 22. bxc6 {[%emt 0:00:01]} Bxc6 {[%emt 0:00:01]} 23. Bxa7 {[%emt 0:00:00]} f5 {[%emt 0:00:02]} 24. Be3 {[%emt 0:00:01]} f4 {[%emt 0:00:02]} 25. Bd4 {[%emt 0:00:01]} g4 {[%emt 0:00:01]} 26. Rab1 {[%emt 0:00:01]} g3 {[%emt 0:00:03]} 27. h3 {[%emt 0:00:02]} gxf2+ {[%emt 0:00:01]} 28. Bxf2 {[%emt 0:00:02]} e3 {[%emt 0:00:01]} 29. Bh4 {[%emt 0:00:01]} Rxg2+ {[%emt 0:00:01]} 30. Kf1 {[%emt 0:00:03]} f3 {[%emt 0:00:01]} 31. Rb4 {[%emt 0:00:05]} f2 {[%emt 0:00:01]} 32. Reb1 {[%emt 0:00:02]} e2# {[%emt 0:00:02] (Lag: Av=0.88s, max=1.1s)} 0-1

[Event "Stay Safe Play From Home 232"]
[Site "Emanuel Lasker Arena"]
[Date "2020.06.17"]
[Round "7"]
[White "Trotsky"]
[Black "Grizzzly"]
[Result "0-1"]
[WhiteElo "1443"]
[BlackElo "1791"]
[Annotator "NA RC"]
[PlyCount "92"]
[EventDate "2020.06.17"]
[EventType "swiss (blitz)"]

1. d4 {[%emt 0:00:01]} d5 {[%emt 0:00:01]} 2. e3 {[%emt 0:00:01]} e6 {[%emt 0:00:00]} 3. c4 {[%emt 0:00:01]} f5 {[%emt 0:00:01]} 4. Nc3 {[%emt 0:00:01]} Nf6 {[%emt 0:00:01]} 5. Qc2 {[%emt 0:00:00]} c6 {[%emt 0:00:01]} 6. Nf3 {[%emt 0:00:01]} Bd6 {[%emt 0:00:00]} 7. c5 {[%emt 0:00:00]} Bc7 {[%emt 0:00:01]} 8. Bd3 {[%emt 0:00:01]} Nbd7 {[%emt 0:00:00]} 9. Bd2 {[%emt 0:00:00]} Ne4 {[%emt 0:00:00]} 10. Nxe4 {[%emt 0:00:01]} fxe4 {[%emt 0:00:01]} 11. Bxe4 {[%emt 0:00:01]} dxe4 {[%emt 0:00:00]} 12. Qxe4 {[%emt 0:00:01]} Nf6 {[%emt 0:00:01]} 13. Qc2 {[%emt 0:00:01]} Qd5 {[%emt 0:00:01]} 14. h4 {[%emt 0:00:01]} Qe4 {[%emt 0:00:02]} 15. Qb3 {[%emt 0:00:03]} O-O {[%emt 0:00:02]} 16. Ng5 {[%emt 0:00:01]} Qd5 {[%emt 0:00:02]} 17. Qc2 {[%emt 0:00:01]} e5 {[%emt 0:00:06]} 18. f3 {[%emt 0:00:01]} e4 {[%emt 0:00:01]} 19. fxe4 {[%emt 0:00:01]} Qd7 {[%emt 0:00:04]} 20. O-O-O {[%emt 0:00:02]} h6 {[%emt 0:00:02]} 21. Rdf1 {[%emt 0:00:01]} Re8 {[%emt 0:00:12]} 22. e5 {[%emt 0:00:01]} Bxe5 {[%emt 0:00:02]} 23. dxe5 {[%emt 0:00:02]} Rxe5 {[%emt 0:00:00]} 24. Bc3 {[%emt 0:00:01]} Rd5 {[%emt 0:00:01]} 25. Bxf6 {[%emt 0:00:02]} gxf6 {[%emt 0:00:00]} 26. Qg6+ {[%emt 0:00:02]} Qg7 {[%emt 0:00:02]} 27. Qc2 {[%emt 0:00:04]} fxg5 {[%emt 0:00:01]} 28. hxg5 {[%emt 0:00:01]} Bf5 {[%emt 0:00:00]} 29. Rxf5 {[%emt 0:00:02]} Rxf5 {[%emt 0:00:01]} 30. Qxf5 {[%emt 0:00:01]} Qxg5 {[%emt 0:00:00]} 31. Qe6+ {[%emt 0:00:01]} Kg7 {[%emt 0:00:01]} 32. Rf1 {[%emt 0:00:01]} Rf8 {[%emt 0:00:02]} 33. Rxf8 {[%emt 0:00:02]} Kxf8 {[%emt 0:00:00]} 34. Qc8+ {[%emt 0:00:04]} Kf7 {[%emt 0:00:01]} 35. Kc2 {[%emt 0:00:01]} Kg7 {[%emt 0:00:00]} 36. Kb3 {[%emt 0:00:02]} Qg6 {[%emt 0:00:00]} 37. Ka4 {[%emt 0:00:01]} Qf6 {[%emt 0:00:01]} 38. b4 {[%emt 0:00:01]} Qb2 {[%emt 0:00:00]} 39. a3 {[%emt 0:00:01]} Qa2 {[%emt 0:00:00]} 40. Qxb7+ {[%emt 0:00:01]} Kf6 {[%emt 0:00:02]} 41. Qxc6+ {[%emt 0:00:01]} Ke5 {[%emt 0:00:00] Trotsky Ïðåäëàãàåò íèü} 42. Qd7 {[%emt 0:00:04]} Ke4 {[%emt 0:00:00]} 43. c6 {[%emt 0:00:00]} Qc2+ {[%emt 0:00:00]} 44. Ka5 {[%emt 0:00:02]} Qd3 {[%emt 0:00:00]} 45. Qxd3+ {[%emt 0:00:01]} Kxd3 {[%emt 0:00:00]} 46. g4 {[%emt 0:00:01]} Kxe3 {[%emt 0:00:00] Âðåìÿ (Lag: Av=0.34s, max=0.6s)} 0-1

[Event "Stay Safe Play From Home 232"]
[Site "Emanuel Lasker Arena"]
[Date "2020.06.17"]
[Round "8"]
[White "Lamborghini"]
[Black "SoulofWolf"]
[Result "0-1"]
[WhiteElo "2242"]
[BlackElo "2147"]
[Annotator "TA"]
[PlyCount "104"]
[EventDate "2020.06.17"]
[EventType "swiss (blitz)"]

{[%evp 9,104,113,152,88,149,141,256,167,242,144,292,200,340,339,445,349,365,345,409,363,339,362,500,481,594,463,472,428,434,435,484,426,401,334,371,378,412,404,429,324,600,590,820,797,897,903,884,890,872,859,829,732,1416,1399,1381,1391,1337,1233,29963,1579,1962,1222,29990,29990,29992,29993,29993,333,29989,154,29992,1189,1185,1152,918,711,647,519,502,515,490,483,476,449,609,554,951,939,29989,29982,29992,29992,29992,-215,5579,682,591]} 1. e4 a5 2. d4 a4 3. a3 ({Predecessor:} 3. Nf3 e6 4. Bd3 Nf6 5. O-O d5 6. e5 Nfd7 7. Bg5 Be7 8. h4 h6 9. Bxe7 Qxe7 {0-1 (42) Kazakov,K (2307)-Sochacki,C (2459) Pardubice 2013}) 3... Na6 4. Nc3 e6 5. Nf3 c6 6. Bd3 {B00: Queen's Fianchetto Defence, Nimzowitsch Defence.} (6. Nxa4 $142 b5 7. Nc3) 6... b5 (6... Nc7 $142) 7. O-O $16 b4 (7... Be7 $16 8. e5 Bb7) 8. Ne2 {White has a decisive advantage.} Nc7 (8... Ne7 {is a better defense.} 9. Nf4 Bb7) 9. c4 (9. axb4 $18 {c4 is the strong threat.} Bxb4 10. c3) 9... Ba6 (9... b3 $16 {might work better.} 10. Ng3 Bb7) 10. Bf4 d6 (10... bxa3 {was worth a try.} 11. bxa3 Ne7 12. Qxa4 Ng6) 11. axb4 $18 f6 12. Qd2 Bb7 13. Bg3 g5 14. h4 g4 15. Nh2 Bh6 16. Qc2 Ne7 17. Ra3 Rg8 18. Rxa4 Rxa4 19. Qxa4 f5 20. exf5 exf5 21. Nf4 Qd7 22. Re1 Kf7 23. d5 Ra8 24. Qb3 Bg7 $2 (24... cxd5 25. Qc2 Bg7) 25. dxc6 Bxc6 {If only Black now had time for ...Ba4....} 26. b5 Bb7 27. c5+ d5 28. c6 Bxc6 29. bxc6 Qxc6 30. h5 h6 {[#]} 31. Ng6 $1 Nxg6 32. hxg6+ Kxg6 33. Nxg4 Kg5 34. Bxc7 (34. Qb4 $142 Kg6 35. Ne5+ Bxe5 36. Bxe5 Kf7 37. Qf4 $1 {[%mdl 512]} Qe6 38. Bxf5 Qe7 39. Bd7+ Kg8 40. Qxh6) 34... Qxc7 35. Ne3 d4 36. Nd5 Qd6 37. f4+ Kg6 {[#]} 38. Qc2 $2 (38. Bxf5+ $1 Kf7 (38... Kxf5 39. Qd3+) 39. Ne7+ Kf6 40. Re6+ {[%mdl 64] Double Attack} Kf7 41. Rxd6+ {[%mdl 64] Discovered Attack} Ke8 42. Qg8+ {[%mdl 64] Double Attack} Kxe7 43. Rd7+ Kf6 44. Qf7#) 38... Rf8 $2 (38... Qxd5 $18 39. Bxf5+ {[%mdl 64] Deflection} Qxf5 40. Qc6+ {[%mdl 64] Double Attack} Bf6) 39. Qe2 $2 (39. Ne7+ Kf6 40. Qe2 Qxe7 41. Qxe7+ Kg6 42. Qe6+ Kh7 43. Bxf5+ Rxf5 44. Qxf5+ Kh8 45. Re8+ Bf8 46. Rxf8+ Kg7 47. Qf7#) 39... Rf6 $2 (39... Qxd5 $16 40. Qg4+ Kh7) 40. Bc4 (40. Qe8+ $142 Kh7 41. Nxf6+ Qxf6 {[#]} 42. Re7 $1 {[%mdl 512]} h5 43. Qxh5+ {[%mdl 64] Double Attack} Qh6 44. Bxf5+ Kh8 45. Re8+ Bf8 46. Qxh6+ Kg8 47. Rxf8#) 40... Rf8 41. Qd3 Kh7 42. g4 Qg6 43. Qg3 Qxg4 44. Qxg4 fxg4 45. Bd3+ Kh8 46. Kg2 h5 47. f5 Bh6 48. f6 {Intending Re7 and mate.} Bd2 49. Re5 Be3 50. Rxh5+ Kg8 51. Rh6 $4 {[%mdl 8192]} (51. Rh7 {mates} Rb8 52. Ne7+ Kf8 53. Ng6+ Ke8 54. f7+ Kd7 55. f8=Q+ Kc6 56. Ne7+ Kd7 57. Nf5+ Ke6 58. Qd6#) 51... Kf7 $4 {[%mdl 8192]} (51... Bxh6 $19 52. Bc4 Kf7) 52. Rg6 Ke6 {[%mdl 32768] White took control after the opening. Accuracy: White = 40%, Black = 22%. . Sensor Board Error (Ke4/e5)?} 0-1